The precious treasury of pith instruction / (Record no. 2598)

MARC details
000 -LEADER
fixed length control field 00905nam a2200277 i 4500
001 - CONTROL NUMBER
control field 1669329
003 - CONTROL NUMBER IDENTIFIER
control field OSt
005 - DATE AND TIME OF LATEST TRANSACTION
control field 20250330164044.0
008 - FIXED-LENGTH DATA ELEMENTS--GENERAL INFORMATION
fixed length control field 980109s2006 cau 000 0 eng
020 ## - INTERNATIONAL STANDARD BOOK NUMBER
International Standard Book Number 9781881847427
040 ## - CATALOGING SOURCE
Original cataloging agency DLC
Transcribing agency DLC
Modifying agency DLC
041 1# - LANGUAGE CODE
Language code of text/sound track or separate title eng
Language code of original tib
050 00 - LIBRARY OF CONGRESS CALL NUMBER
Classification number BQ7662.4
Item number .K54313 1998
082 00 - DEWEY DECIMAL CLASSIFICATION NUMBER
Classification number 294.3/923
Edition number 21
100 0# - MAIN ENTRY--PERSONAL NAME
Personal name Klong-chen-pa Dri-med-ʼod-zer,
Dates associated with a name 1308-1363.
245 14 - TITLE STATEMENT
Title The precious treasury of pith instruction /
Statement of responsibility, etc. Longchen Rabjam ; translated by Richard Barron (Lama Chökyi Nyima).
264 ## - PRODUCTION, PUBLICATION, DISTRIBUTION, MANUFACTURE, AND COPYRIGHT NOTICE
Place of production, publication, distribution, manufacture Junction City, CA :
Name of producer, publisher, distributor, manufacturer Padma Publishing,
Date of production, publication, distribution, manufacture, or copyright notice 2006.
300 ## - PHYSICAL DESCRIPTION
Extent xviii, 262 pages;
Dimensions 24 cm.
336 ## - CONTENT TYPE
Source rdacontent
Content type term text
Content type code txt
337 ## - MEDIA TYPE
Source rdamedia
Media type term unmediated
Media type code n
338 ## - CARRIER TYPE
Source rdacarrier
Carrier type term volume
Carrier type code nc
650 #0 - SUBJECT ADDED ENTRY--TOPICAL TERM
Topical term or geographic name entry element Rdzogs-chen
Form subdivision Early works to 1800.
700 1# - ADDED ENTRY--PERSONAL NAME
Personal name Barron, Richard.
906 ## - LOCAL DATA ELEMENT F, LDF (RLIN)
a 7
b cbc
c orignew
d 1
e ocip
f 19
g y-gencatlg
942 ## - ADDED ENTRY ELEMENTS (KOHA)
Source of classification or shelving scheme Lindholme Classification Scheme
Koha item type Book
Suppress in OPAC No
Holdings
Withdrawn status Lost status Source of classification or shelving scheme Damaged status Not for loan Collection Home library Current library Shelving location Date acquired Total checkouts Full call number Barcode Date last seen Price effective from Koha item type
    Lindholme Classification Scheme     Vajrayana Lindholme Hall Library Lindholme Hall Library General stacks 30/03/2025   504 LON 2408188 30/03/2025 30/03/2025 Book